01095nam a2200181   450000500170000000800410001702000180005804100120007608200150008810000220010324500930012526000410021830000080025936500190026752005740028665000320086070000210089220260216155531.0260209b        |||||||| |||| 00| 0 eng d  a9781475806021  aEnglish  bMCLa378.1  aMcLachlan Joan E.  aInternships for Today's World: A Practical Guide for High Schools and Community Colleges  aNew YorkbRowman & Littlefieldc2014  a136  b2749.73cRs.00  a1.	Key Elements Of A Quality Internship Program: Getting It Right From The Start
2.	Internship Site Development: Internships Don't Just Happen
3.	Placing Students In Internships: One Size Does Not Fit All
4.	Monitoring Students In Internships: Providing A Guiding Hand
5.	Supporting Sponsors In Internships: Building A Strong Partnership
6.	Seminars For Reflective Learning: Making Sense Of It All
7.	Evaluating Internship Learning: Putting It All Together
8.	The Predictable Stages Of Internships: No Surprises
9.	The Power Of Internships: Real Schools, Real Stories

  aHigher education Activities  aHess Patricia F.